000 00644nam a2200229Ia 4500
003 OSt
005 20220926040556.0
006 a|||||r|||| 00| 0
007 ta
008 220923b |||||||| |||| 00| 0 eng d
037 _cGeneral Book
040 _aRTL
_cRTL
_beng
041 _2eng
_aeng
082 _aX:74:B, J0-;1
100 _aTinbergen Jan
_9124570
245 0 _aDynamics of business cycles, a study in economic f
260 _c1950
650 _aBusiness Cycle-United States
_9236677
700 _a Polak J.J.
_9126320
942 _hX:74:B, J0-;1
_cGB
_2CC
999 _c665086
_d665086